000 01062nam a22002417a 4500
003 OSt
005 20250911175555.0
008 240208b ||||| |||| 00| 0 eng d
040 _c0
082 _aDPer 621.381 In821 April 2022 v. 37 n. 4
100 _aJiang, Huijie.
_eauthor.
_951965
245 _aHarmonic optimization strategy for CPS-PWM based MMCs under submodule capacitor voltage reduction control /
_cHuijie Jiang, Fujin Deng, Zheng Wang, Zhixiang Zou, Binbin Li, and Frede Blaabjerg.
260 _aNew York ;
_bThe Institute of Electrical and Electronics Engineers, Inc. ,
_cApril 2022.
300 _aVolume 37, pages 4288-4300 :
_billustration ;
_c28 cm.
500 _aIEEE Transaction on Power Electronics, vol. 37, no. 4, pages 4288-4300, April 2022.
700 _aJiang, Huijie.
_eauthor.
_951965
700 _aDeng, Fujin.
_eauthor.
_951966
700 _aWang, Zheng.
_eauthor.
_951967
700 _aZou, Zhixiang.
_eauthor.
_951968
700 _aLi, Binbin.
_eauthor.
_951969
700 _aBlaabjerg, Frede.
_eauthor.
_951970
942 _2ddc
_cPER
999 _c19023
_d19023